| 000 | 01383nam0a2200337 i 4500 | ||
|---|---|---|---|
| 001 | RU\NLR\BIBL_A\012527426 | ||
| 005 | 20260409070523.0 | ||
| 010 |
_a9785446110414 _95000 |
||
| 035 | _a(NLR Aleph) 012527426 | ||
| 090 |
_a12350036 _c12350036 |
||
| 100 | _a20210525d2019 u y0rusy50 ca | ||
| 101 | 0 | _arus | |
| 102 | _aRU | ||
| 105 | _ay z 000zy | ||
| 181 | 0 |
_ai _baxxe |
|
| 182 | 0 | _an | |
| 200 | 1 |
_aПерестройка. Как это было? _fАрмен Гаспарян, Дмитрий Куликов, Гия Саралидзе |
|
| 203 |
_aТекст _bвизуальный _cнепосредственный |
||
| 210 |
_aСанкт-Петербург [и др.] _cПитер _d2019 |
||
| 215 | _d20 | ||
| 225 | 1 |
_aНаш XX век _iКак это было? |
|
| 333 | _a16+ | ||
| 606 |
_aПерестройка социально-экономической жизни общества _yСССР _91472899 _3RU\NLR\AUTH\66316855 |
||
| 686 | 1 | _aТ3(2)74-3 | |
| 700 | 1 |
_aГаспарян _bА. С. _f1975- _gАрмен Сумбатович |
|
| 701 | 1 |
_7ca _8rus _aКуликов _bД. Е. _cполитолог, кинопродюсер _f1967- _gДмитрий Евгеньевич _9203937 _3RU\NLR\AUTH\770203988 |
|
| 701 | 1 |
_aСаралидзе _bГ. _f1966- _gГия |
|
| 942 | _cBOOK | ||
| 980 | _aNBR | ||